Statistiche per Province italiane per minore Densità di Popolazione

Clicka qui per fare il quiz!

Statistiche generali

  • Questo quiz è stato fatto 4 volte
  • Il punteggio medio è 13 su 16

Statistiche sulle risposte

Densità di popolazione (ab. / km²)Provincia% Corretto
38Aosta
100%
52Isernia
100%
55Matera
100%
35Nuoro
100%
50Oristano
100%
53Potenza
100%
55Rieti
100%
62Sassari
100%
56Sondrio
100%
51Sud Sardegna
100%
55Belluno
67%
48Grosseto
67%
57L'Aquila
67%
68Siena
67%
60Enna
33%
68Verbano-Cusio-Ossola
0%

Distribuzione punteggi

Percentile per numero di risposta

Percentuale di utenti per punteggio

I tuoi punteggi nel tempo

Non hai fatto questo quiz